Culture Générale - Série 1478 - Statistiques

Statistiques générales
  • Ce quiz a été pris 90 fois
  • Le résultat moyen est 5 sur 10
Statistiques - réponses
Question Réponse % Correct
Quel doigt de la main est crié et levé par les enfants, pour demander une trêve dans un jeu ? pouce
93%
Depuis 1990, comment se nomme le département des Côtes-du-Nord ? Côtes-d'Armor
76%
Quel héros de Charles Perrault tient son nom de sa petite taille, à peine plus grande qu'un doigt de la main ? le petit Poucet
73%
Dans quel pays fut créé, en 1971, le marché boursier désigné par l'acronyme NASDAQ ? États-Unis
71%
Sur quel fleuve se trouve la ville allemande de Ratisbonne ? Danube
51%
Traditionnellement, avant de s'affronter, quelle substance blanche les sumos jettent-ils dans le cercle de l'aire de combat ? sel
41%
Dans la mythologie grecque, comment nomme-t-on les nymphes de la mer, filles du dieu Nérée ? Néréides
39%
De quelle pièce de Molière,, Argan est-il le personnage principal ? Le Malade imaginaire
33%
Quel homme d'église et historien du XVIIe siècle est surnommé “L'Aigle de Meaux” ? Bossuet
17%
Selon une célèbre fable de La Fontaine, quel animal est "la chétive pécore" ? grenouille
15%
Aucun quiz correspondant
Distribution des résultats
% des personnes avec chaque résultat
Percentile par nombre de réponses
Votre historique - résultats
Vous n’avez pas pris ce quiz